000
00280nam a22001217a 4500
008
181029b xxu||||| |||| 00| 0 eng d
041
_a
eng
080
_2
4 ED
_a
910
100
_a
42
101
_a
GEO
245
_a
An Introduction To Geography
_c
James M.R
942
_2
udc
_c
BK
999
_c
51002
_d
51002